000 01153nam a22003850a 4500
001 PT60464
003 AR-LpoUNG
005 20250226143224.0
008 201001s2018||||ag |||||||||||||||||spa d
020 _a9789876303385
_c$2
040 _aAR-LpoUNG
_bspa
_eaacr
041 0 _aspa
044 _aag
082 0 _a910.011 3 671sit
100 1 _aMiraglia, Marina
245 1 0 _aSituación sociohabitacional del Gran Buenos Aires en el decenio 2001-2010 :
_banálisis linkage con contigüidad espacial
250 _a1ra. ed.
260 _aLos Polvorines :
_bUniversidad Nacional de General Sarmiento,
_c2018.
300 _a71 p. :
_bil., fot.
490 0 _aCuestiones metropolitanas ;
_vno.25
650 4 _aANALISIS HISTORICO
650 4 _aARGENTINA
650 4 _aASPECTOS SOCIALES
650 4 _aCIUDADES
650 4 _aGEOGRAFIA HUMANA
650 4 _aMEDIO URBANO
650 4 _aREGISTRO DE DATOS
650 4 _aURBANISMO
650 4 _aVIVIENDA
700 1 _aCaloni, Nicolás
700 1 _aDi Franco, Leonardo
856 4 0 _uhttp://repositorio.ungs.edu.ar/handle/UNGS/395
_yTexto completo
905 _a60464
942 _cLIB
_2ddc
999 _c51597
_d51597